000 00328nam a2200133Ia 4500
005 20260328101507.0
008 260328s9999||||xx |||||||||||||| ||und||
100 _aMoggridge, Bill
245 0 _aDesigning interactions /
_cBill Moggridge
260 _bMIT Press
300 _a766 p.
650 _aDISEÑO INDUSTRIAL
942 _cBK
999 _c9081
_d9081